000 00876nas a2200265 4500
001 BR2013010675
003 BR-BrBNA
005 20231205123504.0
007 ta
008 230509b bl.|||p| |||| 00| 00por d
040 _aBR-BrBNA
_bpor
_cBiblioteca Nacional de Agricultura
041 _a(Pt)
072 _aP06; U10
100 1 _aNogueira, C.E.C.
100 1 _aZürn, H.H.
245 1 _aModelo de dimensionamento otimizado para sistemas energéticos renováveis em ambientes rurais
650 _aRECURSO ENERGÉTICO
650 _aENERGIA
650 _aDESENVOLVIMENTO SUSTENTÁVEL
650 _aMODELO DE SIMULAÇÃO
773 0 _tEngenharia Agrícola (Brazil)
_xISSN 0100-6916
_g(May-Aug 2005), v. 25(2) p. 341-348
_wBR2013010675
856 4 0 _uhttp://www.scielo.br/pdf/eagri/v25n2/26496.pdf
909 _a202311
_bLúcia
_c55
_dLúcia Elande
942 _2AGRIS
_n0
_cANA
999 _c234153
_d234153